| 000 | 00655nam a2200205 i 4500 | ||
|---|---|---|---|
| 001 | 000001886 | ||
| 005 | 20200929145738.0 | ||
| 008 | 801006s1979 cr a r 000 0 spa d | ||
| 040 |
_aDO-SdBNP _bspa _cBNPHU |
||
| 082 |
_a401.41 _bP896l |
||
| 100 | 1 |
_aPrada Oropeza, Renato, _d1937- _96161 |
|
| 245 | 1 | 3 |
_aEl lenguaje narrativo : _bprolegómenos para una semiótica narrativa / _cRenato Prada Oropeza. |
| 260 |
_aCosta Rica : _bEDUCA, _c1979. |
||
| 300 |
_a370 p. : _bil. ; _c17 cm. |
||
| 490 | 1 | _aSigno | |
| 504 | _aBibliografía : p. 357-367 | ||
| 650 | 4 |
_aAnálisis del discurso _xLingüistica _96162 |
|
| 650 | 4 |
_aSemiótica _94668 |
|
| 830 | 0 |
_aSigno _96163 |
|
| 999 |
_c1761 _d1761 |
||